Welcome to CU Library Online Public Access Catalogue (OPAC)

Mergers, restructuring, and corporate control / (Record no. 8925)

MARC details
000 -LEADER
fixed length control field 00830pam a2200229 a 4500
001 - CONTROL NUMBER
control field 1510627
005 - DATE AND TIME OF LATEST TRANSACTION
control field 20260311135752.0
008 - FIXED-LENGTH DATA ELEMENTS--GENERAL INFORMATION
fixed length control field 891115s1990 njua b 001 0 eng
020 ## - INTERNATIONAL STANDARD BOOK NUMBER
International Standard Book Number 0135771722 :
Terms of availability $35.00
020 ## - INTERNATIONAL STANDARD BOOK NUMBER
International Standard Book Number 9780135771723
050 00 - LIBRARY OF CONGRESS CALL NUMBER
Classification number HG4028.M4
Item number W47 1990
082 00 - DEWEY DECIMAL CLASSIFICATION NUMBER
Classification number 338.8/3/0973
Edition information 20
100 1# - MAIN ENTRY--PERSONAL NAME
Personal name Weston, J. Fred
Fuller form of name (John Fred),
Dates associated with a name 1916-
245 10 - TITLE STATEMENT
Title Mergers, restructuring, and corporate control /
Statement of responsibility, etc. J. Fred Weston, Kwang S. Chung, Susan E. Hoag.
260 ## - PUBLICATION, DISTRIBUTION, ETC.
Place of publication, distribution, etc. Englewood Cliffs, NJ :
Name of publisher, distributor, etc. Prentice Hall,
Date of publication, distribution, etc. c1990.
300 ## - PHYSICAL DESCRIPTION
Extent xxvii, 762 p. :
Other physical details ill. ;
Dimensions 25 cm.
650 #0 - SUBJECT ADDED ENTRY--TOPICAL TERM
Topical term or geographic name entry element Consolidation and merger of corporations
Geographic subdivision United States
General subdivision Finance.
650 #0 - SUBJECT ADDED ENTRY--TOPICAL TERM
Topical term or geographic name entry element Consolidation and merger of corporations
Geographic subdivision United States
General subdivision Management.
700 1# - ADDED ENTRY--PERSONAL NAME
Personal name Chung, Kwang S.,
Dates associated with a name 1945-
700 1# - ADDED ENTRY--PERSONAL NAME
Personal name Hoag, Susan.
942 ## - ADDED ENTRY ELEMENTS (KOHA)
Source of classification or shelving scheme Library of Congress Classification
Koha item type Books
Suppress in OPAC No
999 ## -
-- 8925
-- 8925
Holdings
Withdrawn status Lost status Source of classification or shelving scheme Damaged status Not for loan Collection Home library Current library Shelving location Date acquired Total checkouts Full call number Barcode Date last seen Copy number Price effective from Koha item type
    Library of Congress Classification     Non-fiction Graduate Library (Christ Temple) Graduate Library (Christ Temple) General stacks 03/11/2026   HG 4028 M. 4 WES GSCT00003153 03/11/2026 1 03/11/2026 Books
© 2023-2024 Copyright: Central University Libraries. All Rights Reserved | Created by: Mahone Tech Office